Mixed Word: Common Bond XXXVII Quiz Stats

Quiz Updated Oct 13, 2016

Challenge
Share
Tweet
Embed
Score 0/16 Timer 02:00
0 Plays Today
Scrambled Word Unscrambled Word % Correct
DRERed
99.8%
VOLELove
98.8%
HNOEYHoney
98.8%
KINPPink
98.7%
SEORRose
97.9%
LOEWFRSFlowers
97.8%
EARHTHeart
97.5%
PIDUCCupid
97.3%
Scrambled Word Unscrambled Word % Correct
SIKSKiss
97.2%
OCHOTALECChocolate
95.4%
RROWAArrow
95.2%
ENTIENLAVValentine
94.6%
WEESTSweet
94.1%
DYCNACandy
93.9%
Common theme from words?Happy Valentine's Day!
89.4%
HWIETWhite
86.4%

You're not logged in!

Compare scores with friends on all Sporcle quizzes.
Join for Free
OR
Log In

You Might Also Like...

Show Comments

Extras

Top Quizzes Today


Score Distribution

Your Account Isn't Verified!

In order to create a playlist on Sporcle, you need to verify the email address you used during registration. Go to your Sporcle Settings to finish the process.

Report this User

Report this user for behavior that violates our Community Guidelines.

Details: